History Quiz

Random History or Art Quiz

Statues Around the World Quiz Stats

 Plays Quiz Updated Aug 18, 2015

Challenge
Share
Tweet
Score 0/20 Timer 06:00
6 Plays Today
% Correct
Statue of Liberty in the United States
99.6%
Great Sphinx of Giza in Egypt
98.7%
Christ the Redeemer in Brazil
95.4%
Moai in Chile
82.2%
Spring Temple Buddha in China
76.4%
The Little Mermaid in Denmark
73.7%
Equestrian Statue of Marcus Aurelius in Italy
62%
Nelson's Column in the United Kingdom
56.5%
The Terrace of the Lions in Greece
52.5%
Ushiku Daibutsu in Japan
45%
% Correct
The Motherland Calls in Russia
36%
Equestrian Statue of Genghis Khan in Mongolia
32.6%
Thiruvalluvar Statue in India
27%
Niederwalddenkmal in Germany
16.1%
Canadian National Vimy Memorial in France
16%
Statue of Lord Shiva in Nepal
14.4%
Peak of Mount Nemrut in Turkey
12.7%
El Cristo del Otero in Spain
11.5%
African Renaissance Monument in Senegal
6.8%
El Ángel de la Independencia in Mexico
5.7%

You're not logged in!

Compare scores with friends on all Sporcle quizzes.
Join for Free
OR
Log In

You Might Also Like...

Show Comments

Extras

Top Quizzes Today


Score Distribution

Your Account Isn't Verified!

In order to create a playlist on Sporcle, you need to verify the email address you used during registration. Go to your Sporcle Settings to finish the process.

Report this User

Report this user for behavior that violates our Community Guidelines.

Details: